000 00320nam a22001337a 4500
008 170615b xxu||||| |||| 00| 0 eng d
020 _a9780813399621
041 _aeng
080 _22ND
_a32
100 _a19
101 _aSHP
245 _aTHE UNITED NATIONS AND CHANGING WORLD POLITICS
_cWEISS,TH.G
942 _2udc
_cBK
999 _c17510
_d17510